| 000 | 00616nam a2200217Ia 4500 | ||
|---|---|---|---|
| 003 | BUBTL | ||
| 008 | 151213s9999 xx 000 0 und d | ||
| 020 | _a0-07-053039-4 | ||
| 082 | _a621.31042FIE | ||
| 100 | _aFitzgerald / Charles Kingsley & Stephen D. Umang | ||
| 245 |
_aElectric Machinery _cFitzgerald / Charles Kingsley & Stephen D. Umang |
||
| 250 | _a6th | ||
| 260 |
_aNew Delhi _bTata Mc Graw Hill _c2003 |
||
| 300 | _a8209 p. | ||
| 650 | _aE E E | ||
| 650 | _ascience | ||
| 700 | _aFitzgerald / Charles Kingsley & Stephen D. Umang | ||
| 856 |
_k0 _l0 _yDownload |
||
| 942 |
_2ddc _cBK |
||
| 999 |
_c4118 _d4118 |
||